| 000 | 00829pam a2200193 a 4500 | ||
|---|---|---|---|
| 020 | _a0444989501 (U.S.) : | ||
| 082 | 0 | 0 |
_a624.15132 _bDER _cL-37, P-13 |
| 245 | 1 | 0 |
_aRock and soil mechanics / _cby Włodzimierz Derski ... [et al.]. |
| 260 |
_aAmsterdam ; _aNew York : _bElsevier ; _aWarsaw : _bPWN--Polish Scientific Publishers ; _aNew York, NY : _bDistribution for the U.S.A. and Canada, Elsevier Science Pub. Co., _c1989. |
||
| 300 |
_axvii, 719 p. : _bill ; _c25 cm. |
||
| 490 | 1 | _aDevelopments in geotechnical engineering ; | |
| 500 | _aRev. and enl. translation of: Mechanika skał i gruntów, t. 7 of Mechanika techniczna. | ||
| 526 |
_a0 _b0 _c0 _d624_151320000000000_DER |
||
| 650 | 0 |
_aMCE _9379 |
|
| 650 | 0 |
_aRock mechanics. _923489 |
|
| 650 | 0 | _aSoil mechanics. | |
| 700 | 1 |
_aDerski, Włodzimierz. _947327 |
|
| 942 |
_2ddc _cBK |
||
| 999 |
_c550612 _d550612 |
||